[Event "PERLA BALTYKU"]
[Site "Lazy"]
[Date "2013.06.30"]
[Round "1.1"]
[White "Shishkin, Vadim"]
[Black "Kaczorowski, Piotr"]
[Result "1-0"]
[WhiteElo "2502"]
[BlackElo "2058"]
[PlyCount "63"]
[EventDate "2013.??.??"]

1. d4 Nf6 2. c4 g6 3. Nc3 d5 4. Bg5 Ne4 5. h4 Bg7 6. e3 Nxc3 7. bxc3 c5 8. cxd5
Qxd5 9. Qf3 Qxf3 10. Nxf3 cxd4 11. cxd4 Nc6 12. Rb1 a6 13. Be2 e5 14. d5 Na5
15. e4 b5 16. h5 gxh5 17. Nd2 Bd7 18. Rxh5 Rc8 19. Bh6 Bf6 20. f4 exf4 21. e5
Bd8 22. Bxf4 Nc4 23. Ne4 Be7 24. Kf2 Rg8 25. Rbh1 Bg4 26. Bxg4 Rxg4 27. Kf3 Rg7
28. Rxh7 Rxh7 29. Rxh7 Nb6 30. d6 Bd8 31. e6 fxe6 32. d7+ 1-0

[Event "PERLA BALTYKU"]
[Site "Lazy"]
[Date "2013.06.30"]
[Round "1.2"]
[White "Szewczyk, Mariusz"]
[Black "Warakomski, Tomasz"]
[Result "0-1"]
[WhiteElo "2047"]
[BlackElo "2488"]
[PlyCount "92"]
[EventDate "2013.??.??"]

1. e4 e5 2. Nf3 Nc6 3. Bb5 Nf6 4. O-O Nxe4 5. Re1 Nd6 6. Bxc6 dxc6 7. Rxe5+ Be7
8. d4 O-O 9. c3 Re8 10. Nbd2 Bf6 11. Rxe8+ Qxe8 12. Nf1 Bg4 13. Bf4 Qe4 14. Bg3
Bxf3 15. gxf3 Qg6 16. Ne3 Re8 17. Qc2 Qxc2 18. Nxc2 Re2 19. Rc1 Bg5 20. f4 Bf6
21. Kf1 Re8 22. Re1 Rd8 23. Ne3 Kf8 24. Ng4 Be7 25. Ne5 Nf5 26. Nc4 h5 27. Ne3
Nd6 28. f5 Bg5 29. Kg2 Rd7 30. Bxd6+ Rxd6 31. Kf3 Rf6 32. Ke4 g6 33. f4 gxf5+
34. Ke5 Re6+ 35. Kxf5 Bh4 36. Re2 b5 37. b3 a5 38. c4 b4 39. d5 cxd5 40. cxd5
Re8 41. Rc2 Rxe3 42. Rxc7 Re2 43. d6 Rxa2 44. Rc8+ Kg7 45. Ra8 Rd2 46. Ke5 Bf6+
0-1

[Event "PERLA BALTYKU"]
[Site "Lazy"]
[Date "2013.06.30"]
[Round "1.3"]
[White "Kanarek, Marcel"]
[Black "Eggink, Mateusz"]
[Result "0-1"]
[WhiteElo "2478"]
[BlackElo "2044"]
[PlyCount "50"]
[EventDate "2013.??.??"]

1. e4 c5 2. Nf3 d6 3. d4 cxd4 4. Nxd4 Nf6 5. Nc3 a6 6. Qf3 g6 7. h3 Bg7 8. Bg5
Nbd7 9. O-O-O Qa5 10. Be3 Nc5 11. Kb1 O-O 12. g4 Na4 13. Nxa4 Qxa4 14. Bg2 Be6
15. b3 Qb4 16. Qe2 Nd7 17. Qe1 Qa3 18. f4 Nb6 19. f5 Bd7 20. h4 Rfc8 21. Bf3
Na4 22. bxa4 Bxa4 23. Bc1 Bxd4 24. Bxa3 Bxc2+ 25. Kc1 Bxe4+ 0-1

[Event "PERLA BALTYKU"]
[Site "Lazy"]
[Date "2013.06.30"]
[Round "1.4"]
[White "Adamowicz, Maciej"]
[Black "Sieciechowicz, Marcin"]
[Result "1/2-1/2"]
[WhiteElo "2036"]
[BlackElo "2462"]
[PlyCount "82"]
[EventDate "2013.??.??"]

1. c4 Nf6 2. g3 c6 3. Nf3 g6 4. b3 Bg7 5. Bb2 O-O 6. Bg2 d5 7. O-O a5 8. cxd5
cxd5 9. d4 a4 10. bxa4 Nc6 11. Nc3 Na5 12. Ne5 e6 13. Ba3 Re8 14. Nb5 Bf8 15.
Qd3 Bxa3 16. Qxa3 Nd7 17. Nd6 Rf8 18. Rab1 Nxe5 19. dxe5 Nc6 20. e4 d4 21. Rb5
b6 22. Rc1 Bd7 23. f4 Ra6 24. Qb2 Rxa4 25. Rxb6 Rxa2 26. Qb3 Ra3 27. Qb2 Ra2
28. Qb3 Qa8 29. Rb7 Rxg2+ 30. Kxg2 Na5 31. Ra1 Qxb7 32. Qxb7 Nxb7 33. Nxb7 Rb8
34. Nd6 Rb2+ 35. Kf3 Bb5 36. Nxb5 Rxb5 37. Ke2 Rb3 38. Rd1 Rb4 39. Kd3 Kg7 40.
Rc1 Rb2 41. Rc2 Rb4 1/2-1/2

[Event "PERLA BALTYKU"]
[Site "Lazy"]
[Date "2013.06.30"]
[Round "1.5"]
[White "Urban, Klaudiusz"]
[Black "Krainski, Slawomir"]
[Result "1/2-1/2"]
[WhiteElo "2462"]
[BlackElo "2035"]
[PlyCount "42"]
[EventDate "2013.??.??"]

1. d4 d5 2. Nf3 c6 3. c4 Nf6 4. Nbd2 Bf5 5. Nh4 Bg4 6. h3 Bh5 7. Qb3 Qb6 8. c5
Qc7 9. e3 Nbd7 10. g4 Bg6 11. g5 Ne4 12. Nxg6 Nxd2 13. Bxd2 hxg6 14. f4 e6 15.
Qc2 Be7 16. Bd3 Bxg5 17. fxg5 Qg3+ 18. Kf1 Qf3+ 19. Kg1 Qg3+ 20. Kf1 Qf3+ 21.
Kg1 Qg3+ 1/2-1/2

[Event "PERLA BALTYKU"]
[Site "Lazy"]
[Date "2013.06.30"]
[Round "1.6"]
[White "Mazalon, Mariusz"]
[Black "Chojnacki, Krzysztof"]
[Result "1/2-1/2"]
[WhiteElo "2442"]
[BlackElo "2029"]
[PlyCount "72"]
[EventDate "2013.??.??"]

1. d4 Nf6 2. c4 g6 3. Nc3 Bg7 4. e4 d6 5. Nf3 O-O 6. h3 e5 7. d5 Nh5 8. Nh2 Qe8
9. Be2 Nf4 10. Bf3 f5 11. g3 Nxh3 12. Bg2 fxe4 13. Nxe4 Bf5 14. Ng4 h5 15. Nh6+
Bxh6 16. Bxh6 Bxe4 17. Bxe4 Nxf2 18. Qc2 Rf6 19. O-O Nxe4 20. Qxe4 Nd7 21. Bg5
Rxf1+ 22. Rxf1 Nc5 23. Qh4 Qd7 24. b4 Na6 25. Rf6 Qg4 26. Rxg6+ Kf7 27. Rf6+
Kg7 28. Re6 Qxh4 29. gxh4 Kg8 30. a3 Rf8 31. Kg2 Rf7 32. Re8+ Rf8 33. Re7 Rf7
34. Re8+ Rf8 35. Re7 Rf7 36. Re8+ Rf8 1/2-1/2

[Event "PERLA BALTYKU"]
[Site "Lazy"]
[Date "2013.06.30"]
[Round "1.7"]
[White "Weichhold, Pawel"]
[Black "Tselkovskiy, Karill"]
[Result "1-0"]
[WhiteElo "2382"]
[BlackElo "2027"]
[PlyCount "93"]
[EventDate "2013.??.??"]

1. e4 c5 2. Nf3 d6 3. Nc3 Nf6 4. d4 cxd4 5. Nxd4 g6 6. g3 Nc6 7. Bg2 Nxd4 8.
Qxd4 Bg7 9. O-O O-O 10. h3 Be6 11. Qd1 Rc8 12. Nd5 Bxd5 13. exd5 Nd7 14. c3 Ne5
15. Re1 Re8 16. Re2 b5 17. a4 a6 18. axb5 axb5 19. Qb3 Ra8 20. Rxa8 Qxa8 21.
Kh2 Qb7 22. f4 Nc4 23. Re4 Rc8 24. Re2 Ra8 25. Qc2 Ra2 26. Qe4 Kf8 27. h4 Ra1
28. Re1 Ra2 29. Re2 Ra1 30. Re1 Ra2 31. h5 Qc7 32. Re2 Ra1 33. Re1 Ra2 34. Qc2
Kg8 35. Qb3 Ra5 36. hxg6 hxg6 37. f5 Ne5 38. fxg6 fxg6 39. Rf1 Qc5 40. Bh3 Ra1
41. Kg2 Qc4 42. Be6+ Kh7 43. Rh1+ Bh6 44. Qxc4 Nxc4 45. Rxh6+ Kg7 46. Rh1 Ra2
47. Rf1 1-0

[Event "PERLA BALTYKU"]
[Site "Lazy"]
[Date "2013.06.30"]
[Round "1.8"]
[White "Prazmowski, Bartosz"]
[Black "Majdan-Gajewska, Joanna"]
[Result "0-1"]
[WhiteElo "2025"]
[BlackElo "2375"]
[PlyCount "60"]
[EventDate "2013.??.??"]

1. d4 Nf6 2. Nf3 e6 3. Bg5 c5 4. e3 Qb6 5. b3 Ne4 6. c3 Nxg5 7. Nxg5 Qd8 8. Nf3
d5 9. Bb5+ Nd7 10. Ne5 Bd6 11. Nxd7 Bxd7 12. Bxd7+ Qxd7 13. f4 cxd4 14. cxd4
Qb5 15. Qe2 Qa5+ 16. Kf2 Rc8 17. a3 Rc6 18. Nd2 Rc2 19. b4 Qc7 20. Rhd1 O-O 21.
Kg1 Qc3 22. Qe1 Rc8 23. h3 g6 24. Kh1 Kg7 25. Kg1 Be7 26. Kh1 b6 27. Kg1 a5 28.
bxa5 bxa5 29. a4 Bb4 30. Nf3 Qxa1 0-1

[Event "PERLA BALTYKU"]
[Site "Lazy"]
[Date "2013.06.30"]
[Round "1.9"]
[White "Aliavdin, Nikolai"]
[Black "Ivanova, Karina"]
[Result "1/2-1/2"]
[WhiteElo "2349"]
[BlackElo "2014"]
[PlyCount "89"]
[EventDate "2013.??.??"]

1. e4 c6 2. d4 d5 3. Nc3 dxe4 4. Nxe4 Bf5 5. Nc5 b6 6. Nb3 Nf6 7. Nf3 e6 8. g3
Bd6 9. Bg2 O-O 10. O-O Nbd7 11. Qe2 Qc7 12. c4 Rac8 13. Be3 c5 14. Rfd1 a6 15.
Rac1 Rfd8 16. dxc5 bxc5 17. Bd2 Qb8 18. h3 Be4 19. Ba5 Bc7 20. Bc3 Qa7 21. Qe3
Qa8 22. Bxf6 Nxf6 23. Ne1 Bxg2 24. Nxg2 Bd6 25. Rd3 Be7 26. Nf4 Rxd3 27. Nxd3
Qe4 28. Qxe4 Nxe4 29. Kf1 Kf8 30. Ke2 g6 31. Rg1 h5 32. f3 Nf6 33. Rd1 Nd7 34.
Nf2 Ne5 35. Rc1 f5 36. f4 Nd7 37. Nd2 Bd6 38. b3 h4 39. Rg1 hxg3 40. Rxg3 Kf7
41. Nd3 e5 42. fxe5 Nxe5 43. Nxe5+ Bxe5 44. Rd3 Ke6 45. Nb1 1/2-1/2

[Event "PERLA BALTYKU"]
[Site "Lazy"]
[Date "2013.06.30"]
[Round "1.10"]
[White "Nowak, Ryszard"]
[Black "Jarmula, Pawel"]
[Result "1/2-1/2"]
[WhiteElo "2010"]
[BlackElo "2174"]
[PlyCount "98"]
[EventDate "2013.??.??"]

1. c4 e5 2. Nc3 Nf6 3. g3 d5 4. cxd5 Nxd5 5. Bg2 Nb6 6. Nf3 Nc6 7. d3 Be7 8.
Nd2 O-O 9. O-O Be6 10. Nb3 f5 11. Be3 f4 12. Bc5 Rb8 13. d4 exd4 14. Nxd4 Nxd4
15. Qxd4 Qxd4 16. Bxd4 fxg3 17. hxg3 c6 18. Rfd1 Rbe8 19. Ne4 Bd5 20. Nc5 Bxg2
21. Kxg2 Bxc5 22. Bxc5 Rf5 23. Bxb6 axb6 24. e3 Re7 25. Rd3 Kf7 26. Rad1 Ra5
27. a3 Rb5 28. R1d2 Rbe5 29. Rd7 h6 30. Kf3 Rf5+ 31. Ke2 Rfe5 32. Rxe7+ Kxe7
33. f4 Rb5 34. b4 Rh5 35. Kf3 Rh1 36. e4 Rf1+ 37. Kg4 Re1 38. Kf3 Rf1+ 39. Ke2
Rb1 40. Rd3 c5 41. bxc5 bxc5 42. e5 c4 43. Rc3 b5 44. f5 Ra1 45. Ke3 Re1+ 46.
Kd4 Rd1+ 47. Kc5 Re1 48. Kd4 Rd1+ 49. Kc5 Re1 1/2-1/2

[Event "PERLA BALTYKU"]
[Site "Lazy"]
[Date "2013.06.30"]
[Round "1.11"]
[White "Bugalski, Michal"]
[Black "Nowak, Maciej"]
[Result "1-0"]
[WhiteElo "2161"]
[BlackElo "2010"]
[PlyCount "113"]
[EventDate "2013.??.??"]

1. c4 c5 2. Nf3 g6 3. g3 Bg7 4. Bg2 Nc6 5. O-O e6 6. Nc3 Nge7 7. e3 O-O 8. d4
cxd4 9. Nxd4 Nxd4 10. exd4 d6 11. Bg5 h6 12. Bf4 g5 13. Be3 Nf5 14. Qd2 Nxe3
15. fxe3 f5 16. Rad1 Qc7 17. Qd3 Bd7 18. b4 Rac8 19. c5 b6 20. Nb5 Bxb5 21.
Qxb5 bxc5 22. Qc4 Rfe8 23. bxc5 dxc5 24. Rc1 Kh8 25. Kh1 Re7 26. dxc5 Qe5 27.
c6 Qxe3 28. Rce1 Qc3 29. Qa6 Rcc7 30. Rc1 Qb2 31. Rb1 Qe5 32. Qd3 Qd4 33. Rb8+
Kh7 34. Qb1 Kg6 35. Rb4 Qd6 36. Rd1 Qc5 37. Rb5 Qc3 38. g4 Rf7 39. Rd6 Bf6 40.
Rxe6 Kg7 41. Rxf5 Qc4 42. Re1 Qxg4 43. Ref1 Qc4 44. Bd5 Qe2 45. Bxf7 Rxf7 46.
c7 Qa6 47. Qe4 Rxc7 48. Rxf6 Qxf6 49. Rxf6 Kxf6 50. Kg2 Re7 51. Qd4+ Kg6 52.
Qd6+ Kf7 53. Qxh6 Re2+ 54. Kg3 Rxa2 55. Qxg5 Ra3+ 56. Kf4 Ra4+ 57. Ke3 1-0

[Event "PERLA BALTYKU"]
[Site "Lazy"]
[Date "2013.06.30"]
[Round "1.12"]
[White "Suliborski, Jakub"]
[Black "Nowicki, Bartosz"]
[Result "1-0"]
[WhiteElo "2007"]
[BlackElo "2157"]
[PlyCount "63"]
[EventDate "2013.??.??"]

1. d4 Nf6 2. Nc3 d5 3. Bg5 e6 4. e4 Be7 5. e5 Nfd7 6. h4 a6 7. Qg4 h5 8. Bxe7
hxg4 9. Bxd8 Kxd8 10. Be2 f5 11. exf6 Nxf6 12. f3 Nc6 13. O-O-O gxf3 14. Nxf3
Ke7 15. Ng5 Bd7 16. Bf3 Raf8 17. Ne2 Kd6 18. Nf4 Rh6 19. g3 Nh7 20. Rhe1 Nxg5
21. hxg5 Rh2 22. c4 Rf5 23. Bxd5 Rxg5 24. Bxe6 Rxg3 25. c5+ Ke7 26. d5 Nb4 27.
d6+ cxd6 28. cxd6+ Kd8 29. Bxd7 Rc3+ 30. Kb1 Rcc2 31. Re8+ Kxd7 32. Re7+ 1-0

[Event "PERLA BALTYKU"]
[Site "Lazy"]
[Date "2013.06.30"]
[Round "1.13"]
[White "Zielinski, Wojciech"]
[Black "Wasik, Piotr"]
[Result "1-0"]
[WhiteElo "2145"]
[BlackElo "1990"]
[PlyCount "147"]
[EventDate "2013.??.??"]

1. b3 d5 2. Bb2 Nf6 3. Nf3 Bf5 4. e3 e6 5. d4 Nbd7 6. Be2 Be7 7. O-O O-O 8.
Nbd2 h6 9. h3 c5 10. c4 Rc8 11. cxd5 exd5 12. dxc5 Nxc5 13. Nd4 Bh7 14. N2f3
Nfe4 15. b4 Qb6 16. Bb5 a6 17. bxc5 Nxc5 18. Ba3 axb5 19. Bxc5 Qxc5 20. Qd2 b4
21. Rac1 Qa5 22. Nb3 Qb5 23. Rfd1 Rxc1 24. Rxc1 Bd3 25. Nfd4 Qa6 26. Nc5 Bxc5
27. Rxc5 Bc4 28. Qxb4 Qxa2 29. Qxb7 Qa1+ 30. Kh2 Qa3 31. Qe7 Qa6 32. Rc6 Qa8
33. Rc7 Qe8 34. Nf5 Bd3 35. Qxe8 Rxe8 36. Ne7+ Kf8 37. Nxd5 Rd8 38. Nb4 Bf1 39.
Nc6 Ra8 40. Ne5 f6 41. Ng6+ Kg8 42. Nf4 Rf8 43. h4 g5 44. Nd5 Rf7 45. Rc6 Kg7
46. h5 Bb5 47. Rd6 Rd7 48. Rxd7+ Bxd7 49. f3 f5 50. Nc7 Kf6 51. Kg3 Bc6 52. f4
gxf4+ 53. Kxf4 Bd7 54. Nd5+ Ke6 55. Nc3 Be8 56. Ne2 Bxh5 57. Nd4+ Kf6 58. Nxf5
Be2 59. Nxh6 Bf1 60. g4 Bd3 61. g5+ Ke6 62. e4 Ke7 63. Kf5 Kf8 64. Ng4 Kg7 65.
Nf2 Bc2 66. Ke5 Bb3 67. Kd6 Bc4 68. e5 Bb3 69. e6 Bc4 70. Kd7 Bb5+ 71. Kd8 Ba4
72. e7 Bb5 73. e8=Q Bxe8 74. Kxe8 1-0

[Event "PERLA BALTYKU"]
[Site "Lazy"]
[Date "2013.06.30"]
[Round "1.14"]
[White "Galaktionov, Artem"]
[Black "Jacek, Krystian"]
[Result "1/2-1/2"]
[WhiteElo "1943"]
[BlackElo "2139"]
[PlyCount "117"]
[EventDate "2013.??.??"]

1. e4 g6 2. Nf3 Bg7 3. Bc4 d6 4. O-O Nf6 5. Nc3 O-O 6. d4 Nc6 7. h3 Nd7 8. a3
h6 9. Be3 e5 10. dxe5 Ndxe5 11. Nxe5 Nxe5 12. Bb3 Be6 13. Bd5 Bxd5 14. Qxd5 c6
15. Qb3 b5 16. Rad1 Nc4 17. Bd4 Qg5 18. Nb1 Bxd4 19. Rxd4 Qe5 20. c3 c5 21.
Rdd1 Qxe4 22. Nd2 Qf4 23. Nxc4 bxc4 24. Qc2 Rab8 25. Rd2 Rb6 26. Qd1 Rfb8 27.
Qe2 d5 28. Rxd5 Rxb2 29. Qe7 Kg7 30. Rxc5 Rxf2 31. Qe5+ Qxe5 32. Rxe5 Rxf1+ 33.
Kxf1 Rb3 34. Ra5 Rxc3 35. Rxa7 Rc2 36. Rc7 c3 37. a4 Ra2 38. Rxc3 Rxa4 39. Kf2
g5 40. Rc5 Kg6 41. Rc6+ f6 42. Kf3 Rf4+ 43. Kg3 h5 44. Rb6 h4+ 45. Kh2 Rf1 46.
Rb5 Re1 47. Rc5 Re5 48. Rc6 Kf5 49. Kg1 Re6 50. Rc5+ Kf4 51. Kf2 f5 52. Rc4+
Re4 53. Rc2 Ra4 54. Re2 Ra3 55. Rb2 Ra4 56. Rc2 g4 57. hxg4 fxg4 58. g3+ hxg3+
59. Kg2 1/2-1/2

[Event "PERLA BALTYKU"]
[Site "Lazy"]
[Date "2013.06.30"]
[Round "1.15"]
[White "Eggink, Ryszard"]
[Black "Janik, Igor"]
[Result "1-0"]
[WhiteElo "2121"]
[BlackElo "1930"]
[PlyCount "111"]
[EventDate "2013.??.??"]

1. e4 c5 2. Nf3 d6 3. d4 cxd4 4. Qxd4 Bd7 5. Bc4 Nc6 6. Qd3 Nf6 7. O-O e6 8.
Bf4 Qc7 9. Nc3 a6 10. Rad1 Ne5 11. Nxe5 dxe5 12. Bg5 Bc6 13. Bxf6 gxf6 14. Qf3
Be7 15. Bb3 h5 16. Qg3 Kf8 17. Rd3 h4 18. Qe3 b6 19. Qe2 b5 20. a3 Bc5 21. Rfd1
Bd4 22. Rh3 Qb6 23. Nb1 Rd8 24. c3 Bc5 25. Rxd8+ Qxd8 26. Nd2 Rg8 27. Nf3 Rg4
28. Bc2 Rf4 29. g3 Rxf3 30. Qxf3 Qd2 31. Bd3 f5 32. Qe2 Qc1+ 33. Kg2 hxg3 34.
hxg3 Ke7 35. Rh1 Qg5 36. f3 f4 37. g4 f5 38. Rh5 Qg6 39. Qe1 fxg4 40. Qh4+ Kd6
41. Qxg4 Qf7 42. Qg5 Kc7 43. Rh8 Be7 44. Qg8 Qf6 45. Rh7 Kb6 46. Qg7 Qxg7+ 47.
Rxg7 Bc5 48. Kh3 Be3 49. Kh4 Kc5 50. Rg2 Kd6 51. Kg5 Ke7 52. b4 Kf7 53. c4 Bb6
54. c5 Bd8+ 55. Kg4 a5 56. bxa5 1-0

[Event "PERLA BALTYKU"]
[Site "Lazy"]
[Date "2013.06.30"]
[Round "1.16"]
[White "Karwowski, Kacper"]
[Black "Bednarska-Bzdega, Malgorzata"]
[Result "0-1"]
[WhiteElo "1930"]
[BlackElo "2115"]
[PlyCount "86"]
[EventDate "2013.??.??"]

1. e4 Nf6 2. e5 Nd5 3. d4 d6 4. c4 Nb6 5. exd6 exd6 6. Nc3 Be7 7. h3 O-O 8. Nf3
Bf5 9. Be2 Bf6 10. O-O Nc6 11. Bf4 d5 12. c5 Nc4 13. Bxc4 dxc4 14. d5 Nb4 15.
d6 cxd6 16. Bxd6 Re8 17. Qa4 a5 18. Qb5 Qc8 19. a3 Nc2 20. Rad1 Nxa3 21. Qa4
Nc2 22. Qxc4 Nb4 23. Rfe1 Be6 24. Qf4 Bb3 25. Rxe8+ Qxe8 26. Re1 Qd7 27. Ne4
Bxb2 28. Rb1 Qa4 29. Qg5 h6 30. Qg3 Nc6 31. Re1 Bd5 32. Nfd2 Qb4 33. Bf4 Bxe4
34. Rxe4 Qc3 35. Re3 Qf6 36. Ne4 Qg6 37. Qxg6 fxg6 38. Rb3 Bd4 39. Rxb7 a4 40.
Nd2 a3 41. Nb3 a2 42. Rb6 Na5 43. Rb8+ Rxb8 0-1

[Event "PERLA BALTYKU"]
[Site "Lazy"]
[Date "2013.06.30"]
[Round "1.17"]
[White "Adamowicz, Katarzyna"]
[Black "Kowalski, Maciej"]
[Result "1-0"]
[WhiteElo "2104"]
[BlackElo "1908"]
[PlyCount "135"]
[EventDate "2013.??.??"]

1. e4 d5 2. exd5 Nf6 3. d4 Nxd5 4. c4 Nb6 5. Nc3 e5 6. d5 Bb4 7. Qb3 Be7 8. Nf3
N8d7 9. Be2 f5 10. O-O Bf6 11. Be3 f4 12. Bd2 Nc5 13. Qb5+ Nbd7 14. b4 c6 15.
dxc6 bxc6 16. Qa5 Qxa5 17. bxa5 O-O 18. Rac1 Ba6 19. Rfd1 Rab8 20. Ne1 Rb2 21.
Rb1 Rxb1 22. Rxb1 e4 23. Nc2 Re8 24. Nb4 Bb7 25. Nd1 g5 26. Bc3 Be5 27. Bb2 Na6
28. a3 Bxb2 29. Nxb2 Re5 30. Rd1 Nf8 31. c5 Nxc5 32. a6 Bc8 33. Nxc6 Re8 34.
Rd5 Nfe6 35. Nc4 Bd7 36. N4e5 Bxc6 37. Nxc6 Kg7 38. Nxa7 Ra8 39. Nc6 Nxa6 40.
Rd7+ Kf6 41. Bh5 Rf8 42. Rxh7 Nac5 43. a4 e3 44. Kf1 exf2 45. Kxf2 Ng7 46. Rh6+
Kf5 47. Bg6+ Kf6 48. Be4+ Kf7 49. Ne5+ Ke8 50. Bd5 Rf5 51. Bc6+ Kd8 52. Nc4
Nge6 53. Nd6 Rf8 54. Rh7 Nd4 55. Bd5 Rf6 56. Nf7+ Kc8 57. a5 g4 58. Rh8+ Kc7
59. Rh6 Rf5 60. Bc4 f3 61. gxf3 gxf3 62. Rh4 Nce6 63. a6 Ra5 64. Re4 Kd7 65.
Ne5+ Kd6 66. Bxe6 Kxe6 67. Nc4+ Kd5 68. Re5+ 1-0

[Event "PERLA BALTYKU"]
[Site "Lazy"]
[Date "2013.06.30"]
[Round "1.18"]
[White "Smal, Tobiasz"]
[Black "Kovalev, Egor"]
[Result "0-1"]
[WhiteElo "1893"]
[BlackElo "2099"]
[PlyCount "98"]
[EventDate "2013.??.??"]

1. e4 c5 2. Nf3 Nc6 3. d4 cxd4 4. Nxd4 Qc7 5. Nc3 e6 6. Be3 a6 7. Qd2 Nf6 8. f3
Bb4 9. O-O-O Ne7 10. Nde2 d5 11. a3 Ba5 12. b4 Bb6 13. Bxb6 Qxb6 14. exd5 Nexd5
15. Nxd5 Nxd5 16. c4 Qc7 17. Nc3 Nxc3 18. Qxc3 O-O 19. Qd4 a5 20. b5 e5 21. Qd6
Qxd6 22. Rxd6 Be6 23. Rb6 Rab8 24. Kc2 Rfd8 25. Bd3 Rd4 26. Kc3 Rbd8 27. Be2
Bc8 28. Rc1 Kf8 29. Kb3 Ke7 30. c5 Rd2 31. Bc4 Rxg2 32. Ka4 Rxh2 33. Kxa5 Rh3
34. Re1 f6 35. Re3 g5 36. c6 bxc6 37. Rxc6 g4 38. Rc7+ Bd7 39. b6 Rxf3 40. Rxf3
gxf3 41. Bb5 Kd6 42. Rc1 Ra8+ 43. Ba6 Bc6 44. Rd1+ Ke6 45. Kb4 Rxa6 46. Kc5 Bd5
47. Rxd5 Ra5+ 48. Kc6 Rxd5 49. b7 Rd8 0-1

[Event "PERLA BALTYKU"]
[Site "Lazy"]
[Date "2013.06.30"]
[Round "1.19"]
[White "Pietruszewski, Marcin"]
[Black "Malaczek, Mateusz"]
[Result "1/2-1/2"]
[WhiteElo "2099"]
[BlackElo "1849"]
[PlyCount "100"]
[EventDate "2013.??.??"]

1. e4 c5 2. Nf3 g6 3. d4 Bg7 4. d5 d6 5. c4 b5 6. cxb5 a6 7. b6 Nf6 8. Nc3 O-O
9. a4 a5 10. Nd2 Nbd7 11. Bb5 Nxb6 12. Bc6 Rb8 13. O-O Bb7 14. Bxb7 Rxb7 15.
Qc2 Ne8 16. b3 Nc7 17. Bb2 e6 18. dxe6 fxe6 19. Nd1 Na6 20. Bxg7 Rxg7 21. Ne3
d5 22. Qd3 Nc7 23. Rac1 Qe7 24. Qc2 Na6 25. Qd3 Nc7 26. Rfe1 Rgf7 27. f3 Rd8
28. exd5 exd5 29. Ng4 Qf8 30. Qc3 Nd7 31. Qxa5 h5 32. Qxc7 hxg4 33. Re6 Kg7 34.
Qd6 Rf6 35. Rxf6 Qxf6 36. Qxf6+ Kxf6 37. fxg4 Rb8 38. h3 Ke5 39. Kf2 d4 40.
Re1+ Kd5 41. Re7 Ne5 42. Rg7 Rf8+ 43. Ke2 Rb8 44. g5 Rb6 45. Rg8 Re6 46. Rd8+
Kc6 47. Kd1 Nf7 48. Ra8 Nxg5 49. Ra6+ Kd5 50. Rxe6 Kxe6 1/2-1/2

[Event "PERLA BALTYKU"]
[Site "Lazy"]
[Date "2013.06.30"]
[Round "1.20"]
[White "Smieszek, Wojciech"]
[Black "Stankiewicz, Pawel"]
[Result "0-1"]
[WhiteElo "1843"]
[BlackElo "2070"]
[PlyCount "58"]
[EventDate "2013.??.??"]

1. e4 d6 2. d4 Nf6 3. Nc3 g6 4. Nf3 Bg7 5. Be2 O-O 6. O-O Nc6 7. Bf4 Nh5 8. Bg5
h6 9. Be3 e5 10. Qd2 Kh7 11. Rad1 exd4 12. Nxd4 Nf4 13. Bb5 Nxd4 14. Bxd4 Qg5
15. g3 Bxd4 16. Qxd4 Bh3 17. Rfe1 Ng2 18. Re2 c6 19. Bd3 c5 20. Qxd6 Rad8 21.
f4 Qg4 22. Qxc5 Nxf4 23. Red2 Ne6 24. Qf2 Qg5 25. Nd5 f5 26. Qxa7 fxe4 27.
Qxb7+ Ng7 28. Bxe4 Qxd2 29. Bxg6+ Kh8 0-1

[Event "PERLA BALTYKU"]
[Site "Lazy"]
[Date "2013.06.30"]
[Round "1.21"]
[White "Poswiatowski, Michal"]
[Black "Jacek, Roksana"]
[Result "1-0"]
[WhiteElo "2067"]
[BlackElo "1835"]
[PlyCount "49"]
[EventDate "2013.??.??"]

1. e4 e5 2. Nf3 Nc6 3. Bb5 a6 4. Ba4 Nf6 5. O-O Be7 6. c3 b5 7. Bc2 O-O 8. d4
exd4 9. e5 Nd5 10. cxd4 Ndb4 11. Bb3 Na5 12. Bd2 Nxb3 13. Qxb3 a5 14. a3 a4 15.
Qd1 Nd5 16. Nc3 Bb7 17. Re1 Nxc3 18. Bxc3 d6 19. Qe2 Ba6 20. Qe3 c5 21. exd6
Bxd6 22. dxc5 Bc7 23. Rad1 Qc8 24. Qg5 f6 25. Re7 1-0

[Event "PERLA BALTYKU"]
[Site "Lazy"]
[Date "2013.06.30"]
[Round "1.22"]
[White "Januszkiewicz, Wojciech"]
[Black "Betkowski, Andrzej"]
[Result "0-1"]
[WhiteElo "1830"]
[BlackElo "2066"]
[PlyCount "64"]
[EventDate "2013.??.??"]

1. e4 e6 2. d4 d5 3. Nc3 Nc6 4. e5 f6 5. exf6 Nxf6 6. Nf3 Bd6 7. Bg5 O-O 8. Bd3
Qe8 9. Qe2 Qh5 10. h4 e5 11. dxe5 Bg4 12. Bxf6 gxf6 13. O-O-O Nxe5 14. Nxd5
Nxf3 15. gxf3 Bxf3 16. Qe6+ Kh8 17. c4 Rae8 18. Qd7 Bg4 19. Qa4 Bxd1 20. Rxd1
c6 21. Ne3 Bc5 22. Nf5 Re5 23. Qc2 Rd8 24. f4 Rxf5 25. Bxf5 Rxd1+ 26. Qxd1 Qxf5
27. Qd8+ Kg7 28. Qc7+ Kh6 29. Qxb7 Qxf4+ 30. Kc2 Qxc4+ 31. Kd1 Qd3+ 32. Ke1 Be3
0-1

[Event "PERLA BALTYKU"]
[Site "Lazy"]
[Date "2013.07.01"]
[Round "2.1"]
[White "Bednarska-Bzdega, Malgorzata"]
[Black "Shishkin, Vadim"]
[Result "1/2-1/2"]
[WhiteElo "2115"]
[BlackElo "2502"]
[PlyCount "143"]
[EventDate "2013.??.??"]

1. e4 c5 2. Nf3 Nc6 3. d4 cxd4 4. Nxd4 Nf6 5. Nc3 d6 6. Bg5 Qb6 7. Nb3 e6 8.
Bf4 Ne5 9. Be3 Qc7 10. f4 Nc6 11. Nb5 Qb8 12. Qf3 a6 13. N5d4 Bd7 14. c4 Qc7
15. Rc1 Rc8 16. Bd3 Nxd4 17. Nxd4 g6 18. O-O Bg7 19. Qg3 O-O 20. f5 Rce8 21.
fxg6 fxg6 22. c5 e5 23. Nf3 Ng4 24. Bc4+ Kh8 25. cxd6 Qxd6 26. Ng5 Nxe3 27.
Qxe3 Bh6 28. h4 Bc6 29. Rcd1 Bxg5 30. hxg5 Rxf1+ 31. Rxf1 Qd4 32. Qxd4 exd4 33.
e5 h6 34. e6 b5 35. Bb3 d3 36. gxh6 a5 37. a4 Kh7 38. Rd1 bxa4 39. Bc4 Be4 40.
Bxd3 Rxe6 41. Re1 Bd5 42. Rxe6 Bxe6 43. Bb5 Bb3 44. Kf2 Kxh6 45. Kg3 Kg5 46.
Bd3 Bd1 47. Be4 Kf6 48. Kf4 g5+ 49. Ke3 Ke5 50. Bb7 Bb3 51. g3 Bd5 52. Bc8 Bc6
53. Bg4 Kd5 54. Kd3 Bb5+ 55. Ke3 Kc4 56. Be6+ Kb4 57. Kd4 Be2 58. g4 Bd1 59.
Ke5 a3 60. bxa3+ Kxa3 61. Kf6 Kb4 62. Bd7 Ba4 63. Bxa4 Kxa4 64. Kxg5 Kb4 65.
Kh6 a4 66. g5 a3 67. g6 a2 68. g7 a1=Q 69. g8=Q Qh1+ 70. Kg7 Qg1+ 71. Kf8 Qxg8+
72. Kxg8 1/2-1/2

[Event "PERLA BALTYKU"]
[Site "Lazy"]
[Date "2013.07.01"]
[Round "2.2"]
[White "Warakomski, Tomasz"]
[Black "Adamowicz, Katarzyna"]
[Result "1/2-1/2"]
[WhiteElo "2488"]
[BlackElo "2104"]
[PlyCount "218"]
[EventDate "2013.??.??"]

1. e4 e5 2. Nf3 Nc6 3. Nc3 Nf6 4. a3 d5 5. Bb5 d4 6. Ne2 Bd6 7. Bxc6+ bxc6 8.
d3 h6 9. O-O O-O 10. h3 c5 11. Ng3 Re8 12. Nd2 Be6 13. Qf3 Bf8 14. Nc4 Bxc4 15.
dxc4 g6 16. Bd2 Qd6 17. Qd3 Qc6 18. f3 Bg7 19. b4 Nd7 20. b5 Qe6 21. Ba5 Nb6
22. Bxb6 axb6 23. a4 Ra5 24. Ra3 Rea8 25. Rfa1 R8a7 26. Nf1 c6 27. Nd2 h5 28.
Qe2 Ra8 29. Nb3 cxb5 30. cxb5 c4 31. Nxa5 Rxa5 32. Kh1 Bh6 33. Rb1 Qd6 34. Raa1
Qc5 35. Qe1 c3 36. Qh4 Ra8 37. Rd1 Bd2 38. Qf2 Qc4 39. Qf1 Rxa4 40. Qxc4 Rxc4
41. Rdb1 d3 42. Ra2 Be3 43. g3 d2 44. Kg2 Bc5 45. Kf1 Rd4 46. Ke2 Kg7 47. Ra7
Kf6 48. Kd1 Ke6 49. Rb3 Rc4 50. Rc7 f5 51. Rc6+ Kf7 52. exf5 gxf5 53. Rh6 e4
54. f4 Ra4 55. Rb1 e3 56. Rxh5 e2+ 57. Kxe2 Re4+ 58. Kf1 Kg6 59. Rh8 Re3 60.
Rd8 Kf7 61. Rd5 Rxg3 62. Rxf5+ Ke6 63. Rxc5 bxc5 64. b6 Rxh3 65. Ke2 Rh8 66. b7
Rb8 67. Rb3 Rd8 68. Kd1 Rb8 69. Rxc3 Rxb7 70. Rxc5 Rd7 71. Re5+ Kf6 72. Re2 Rd4
73. Rf2 Kf5 74. Rf1 Rd8 75. Ke2 Rd7 76. Kd1 Rd8 77. Rf2 Rd4 78. Rf3 Ke4 79. Rf2
Kf5 80. Rxd2 Rxf4 81. Kc1 Ke5 82. Kb2 Rf3 83. c3 Rf8 84. c4 Rb8+ 85. Kc3 Rc8
86. Rd5+ Ke6 87. Kd4 Rh8 88. Kc5 Rc8+ 89. Kb5 Rb8+ 90. Ka5 Ra8+ 91. Kb4 Rh8 92.
Rd4 Rb8+ 93. Ka5 Ke5 94. Rd1 Rc8 95. Rd5+ Ke6 96. Kb4 Rh8 97. Rd4 Ke5 98. Rd7
Ke6 99. Rd3 Rb8+ 100. Kc3 Rc8 101. Rd2 Ke5 102. Kb4 Rb8+ 103. Ka5 Rc8 104. Kb5
Rb8+ 105. Ka6 Rc8 106. Rd5+ Ke6 107. Rd4 Ke5 108. Kb7 Kxd4 109. Kxc8 Kxc4
1/2-1/2

[Event "PERLA BALTYKU"]
[Site "Lazy"]
[Date "2013.07.01"]
[Round "2.3"]
[White "Kovalev, Egor"]
[Black "Weichhold, Pawel"]
[Result "0-1"]
[WhiteElo "2099"]
[BlackElo "2382"]
[PlyCount "104"]
[EventDate "2013.??.??"]

1. d4 Nf6 2. Nf3 g6 3. g3 Bg7 4. Bg2 O-O 5. O-O d6 6. Nc3 Nc6 7. e4 Bg4 8. h3
Bxf3 9. Bxf3 Nd7 10. d5 Na5 11. Be2 c6 12. Rb1 Rc8 13. Be3 a6 14. dxc6 Nxc6 15.
f4 b5 16. Kg2 Qc7 17. Nd5 Qb7 18. Bf3 e6 19. Nc3 Qc7 20. Ne2 Na5 21. c3 Nc4 22.
Bf2 Rfd8 23. Nd4 Nc5 24. Qe2 e5 25. Nb3 exf4 26. gxf4 Ne6 27. Bg3 Re8 28. Qf2
h5 29. Rbd1 Bh6 30. Be2 Nxb2 31. Rd5 Nc4 32. h4 Nf8 33. Qf3 Qe7 34. Bd3 Nb6 35.
Rd4 Rxc3 36. Be1 Rcc8 37. Bb4 Ne6 38. Rxd6 Nxf4+ 39. Kg1 Qc7 40. Qg3 Rcd8 41.
Rxf4 Bxf4 42. Qxf4 Rxd6 43. Bxd6 Qc3 44. Qg3 Nc4 45. Bf4 Rd8 46. Be2 Qc2 47.
Bxh5 Qxe4 48. Kh2 Kh7 49. Qg5 Rd5 50. Qh6+ Kg8 51. Bg4 Ne5 52. Bh3 Qe2+ 0-1